| 000 | 00000nam##2200000za#4500 |
| 001 | 9.643144 |
| 003 | CaOODSP |
| 005 | 20210624224031 |
| 007 | cr ||||||||||| |
| 008 | 150407|1977||||xxc|||||o f|0| 0 fre|d |
| 040 | |aCaOODSP|bfre |
| 043 | |an-cn--- |
| 086 | 1 |aA53-1411/1977F-PDF |
| 110 | 1 |aCanada.|bAgriculture Canada. |bDirection générale de recherche. |
| 245 | 10|aLes géraniums / |h[ressource électronique]|c[publié par la] Section des plantes ornementales, Station de recherches d'Ottawa, Ontario. |
| 260 | |aOttawa - Ontario : |bAgriculture Canada. |c1972, révision 1977. |
| 300 | |a6p. |
| 500 | |aPublication historique numérisée par Agriculture et Agroalimentaire Canada. English edition published under title "Geraniums". |
| 590 | |a14-11-Supp|b2014-05-21 |
| 691 | 07|aFlore|2gcpds |
| 691 | 07|aJardinage|2gcpds |
| 856 | 40|ahttp://publications.gc.ca|qPDF|s346 Ko|uhttps://publications.gc.ca/collections/collection_2014/aac-aafc/agrhist/A53-1411-1977-fra.pdf |
| 986 | |a1411 |